000 02584nam0a2200409 4500
001 RU\NLR\bibl\1672103
005 20260408133044.0
010 _a978-5-16-003456-0
_bИНФРА-М
010 _a978-5-98209-034-8
_bКОНТРАКТ
_960000
021 _aRU
_b2010-59442
_93892
021 _aRU
_b2011-71168
_95047
035 _a(NLR Aleph) 001663355
090 _a995633
_c995633
100 _a20100907d2011 |||y0rusy50 ca
101 0 _arus
102 _aRU
105 _ay |||||||||
200 1 _aУголовное право Российской Федерации. Особенная часть
_eучебник
_eдля студентов высших учебных заведений, обучающихся по специальности 030501 (021100) "Юриспруденция"
_f[Грачева Ю.В., к.ю.н., доц., Ермакова Л.Д., к.ю.н., проф., Есаков Г.А., д.ю.н. и др.]
_gпод ред. д.ю.н., проф. Л.В. Иногамовой-Хегай [и др.]
_gМоск. гос. юрид. акад.
205 _aИзд. 2-е, испр. и доп.
210 _aМосква
_cИНФРА-М
_cКОНТРАКТ
_d2011 [т.е. 2010]
215 _aVI, 793 с.
_d22
225 1 _aВысшее образование
300 _aАвт. указаны на с. III
300 _aКн. фактически изд. в 2010 г.
606 1 _aУголовное право
_jУчебники для высших учебных заведений
_xОсобенная часть
_yРоссийская Федерация
_92089385
_3RU\NLR\auth\661264774
686 _aХ628.11я73
701 1 _4070
_7ca
_8rus
_aГрачева
_bЮ. В.
_cд-р юрид. наук
_gЮлия Викторовна
_3RU\NLR\auth\7727764
_910795
701 1 _4070
_8rus
_7ca
_aЕрмакова
_bЛ. Д.
_cканд. юрид. наук
_gЛенина Дмитриевна
_3RU\NLR\auth\7727777
_910808
701 1 _4070
_8rus
_7ca
_aЕсаков
_bГ. А.
_f1978-
_gГеннадий Александрович
_3RU\NLR\auth\7719080
_92154
702 1 _4340
_8rus
_7ca
_aИногамова-Хегай
_bЛ. В.
_f1954-
_gЛюдмила Валентиновна
_3RU\NLR\auth\7710183
_9119965
712 0 2 _4570
_aМосковская государственная юридическая академия им. О. Е. Кутафина
_3RU\NLR\AUTH\880617251
_92645259
801 0 _aRU
_bNLR
_c20100907
_gRCR
801 1 _aRU
_bNLR
_c20100907
942 _cBOOK
980 _aNB